000 00785nam a2200265 a 4500
001 000015840
003 DO-SdBNP
005 20250213092600.0
007 ta
008 100219s1971 dr 000 0 spa d
040 _aDO-SdBNP
_bspa
_cBNPHU
_erda
049 _aBNPD
082 1 _axxxx
_bG643L
_222
100 1 _aGonzález Díaz, Nestor J.,
_eautor
_4aut.
_935651
245 1 4 _aLas leyes del mar /
_cNestor J. González Díaz.
250 _asegunda edición
264 1 _aSanto Domingo :
_bEditora Marina de Guerra,
_c1971.
300 _a85 páginas ;
_c21 cm.
336 _atexto
_btxt
_2rdacontent
337 _asin mediación
_bn
_2rdamedia
338 _avolumen
_bnc
_2rdacarrier
504 _aBibliografía : página 85
590 _aInventariado, 2025/BT
942 _2ddc
_cLBS1
999 _c15384
_d15384